| 000 | 01594nam a2200229 a 4500 | ||
|---|---|---|---|
| 008 | 150806s2014 ||||||||||||||||| || u | ||
| 050 | _aNWASCO(02)2014/1A | ||
| 245 | 0 | 0 |
_aUrban and peri-urban water supply and sanitation sector report 2014 _cby National Water Supply and Sanitation Council(NWASCO) |
| 260 |
_aLusaka _bNWASCO _c2014 |
||
| 300 | _avi,76p.ill | ||
| 650 | _aSANITATION--ZAMBIA | ||
| 650 | _aWATER SUPPLY OPERATIONS--ZAMBIA | ||
| 650 | _aWATER SUPPLY AND SANITATION | ||
| 650 | _aWATER SUPPLY--ZAMBIA | ||
| 995 |
_aSPECIAL COLLECTIONS _e1923 _FCBU-MAIN LIBRARY (Kitwe) _jNWASCO(02)2014/1C _M3 _UAVAILABLE _WAug 6, 2015 _yB1923 _ZInternational Publications |
||
| 995 |
_aSPECIAL COLLECTIONS _e1922 _FCBU-MAIN LIBRARY (Kitwe) _jNWASCO(02)2014/1B _M2 _UAVAILABLE _WAug 6, 2015 _yB1922 _ZInternational Publications |
||
| 995 |
_aSPECIAL COLLECTIONS _e3501 _FCBU-KAPASA MAKASA LIBRARY (Chinsali) _jNWASCO(058)UPWS/2014B _M5 _UAVAILABLE _WApr 10, 2018 _yB3501 _ZZambiana Collection |
||
| 995 |
_aSPECIAL COLLECTIONS _e3503 _FCBU-KAPASA MAKASA LIBRARY (Chinsali) _jNWASCO(058)UPWS/2014D _M7 _UAVAILABLE _WApr 10, 2018 _yB3503 _ZZambiana Collection |
||
| 995 |
_aSPECIAL COLLECTIONS _e1921 _FCBU-MAIN LIBRARY (Kitwe) _jNWASCO(02)2014/1A _M1 _UAVAILABLE _WAug 6, 2015 _yB1921 _ZInternational Publications |
||
| 995 |
_aSPECIAL COLLECTIONS _e3500 _FCBU-KAPASA MAKASA LIBRARY (Chinsali) _jNWASCO(058)UPWS/2014A _M4 _UAVAILABLE _WApr 10, 2018 _yB3500 _ZZambiana Collection |
||
| 995 |
_aSPECIAL COLLECTIONS _e3502 _FCBU-KAPASA MAKASA LIBRARY (Chinsali) _jNWASCO(058)UPWS/2014C _M6 _UAVAILABLE _WApr 10, 2018 _yB3502 _ZZambiana Collection |
||
| 999 |
_c78541 _d78541 |
||